An Algal parasite (Cephaleuros Kunze) on arecanut palm (Record no. 46201)
[ view plain ]
| 000 -LEADER | |
|---|---|
| fixed length control field | 00354nam a2200145Ia 4500 |
| 100 ## - MAIN ENTRY--AUTHOR NAME | |
| Personal name | Paliv |
| 245 #3 - TITLE STATEMENT | |
| Title | An Algal parasite (Cephaleuros Kunze) on arecanut palm |
| 260 ## - PUBLICATION, DISTRIBUTION, ETC. (IMPRINT) | |
| Name of publisher | Arecanut Journal |
| 300 ## - PHYSICAL DESCRIPTION | |
| Number of Pages | 17-19 |
| 650 ## - SUBJECT ADDED ENTRY--TOPICAL TERM | |
| Topical Term | Arecanut |
| 650 ## - SUBJECT ADDED ENTRY--TOPICAL TERM | |
| Topical Term | Parasite |
| 700 ## - ADDED ENTRY--PERSONAL NAME | |
| Personal name | |
| 942 ## - ADDED ENTRY ELEMENTS (KOHA) | |
| Koha item type | Reprints |
| 700 ## - ADDED ENTRY--PERSONAL NAME | |
| -- | adha Menon |
| Withdrawn status | Lost status | Damaged status | Not for loan | Home library | Current library | Date acquired | Serial Enumeration / chronology | Koha item type |
|---|---|---|---|---|---|---|---|---|
| Reprints | RRII Library | RRII Library | 22/12/2021 | Volume XI, Issue 1 | Reprints |